[Event "SUI-chT"]
[Site "Switzerland"]
[Date "2000.??.??"]
[Round "?"]
[White "Kraehenbuehl, Gerhard"]
[Black "Vogt, Lothar"]
[Result "0-1"]
[WhiteElo "2258"]
[BlackElo "2466"]
[PlyCount "82"]
[EventDate "2000.02.??"]
[EventType "team-tourn"]
[EventRounds "9"]
[EventCountry "SUI"]
[SourceTitle "EXT 2001"]
[Source "ChessBase"]
[SourceDate "2000.11.22"]
[SourceVersion "1"]
[SourceVersionDate "2000.11.22"]
[SourceQuality "1"]

1. c4 c5 2. Nc3 g6 3. g3 Bg7 4. Bg2 Nc6 5. Nf3 e6 6. d4 cxd4 7. Nb5 d6 8. Nfxd4 Nxd4 9. Nxd4 Ne7 10. 0-0 a6 11. Qd3 0-0 12. Rd1 Qc7 13. Nb3 d5 14. cxd5 Nxd5 15. e4 Nb4 16. Qe2 e5 17. Be3 Nc6 18. Rac1 Rd8 19. Rxd8+ Qxd8 20. Rd1 Qc7 21. Qc2 Bg4 22. f3 Be6 23. a3 Rc8 24. Rc1 Qd6 25. Nd2 Nd4 26. Qxc8+ Bxc8 27. Rxc8+ Bf8 28. Bh6 Ne6 29. Bh3 Nd8 30. Be3 b5 31. Bf1 Kg7 32. Nb1 Ne6 33. Nc3 Qd7 34. Ra8 Qc6 35. Rb8 Bc5 36. Bxc5 Qxc5+ 37. Kg2 Qd6 38. Ra8 Qd2+ 39. Ne2 Nd4 40. Kf2 Nc2 41. g4 Qe3+ 0-1

[Event "SUI-chT"]
[Site "Switzerland"]
[Date "2000.??.??"]
[Round "?"]
[White "Kraehenbuehl, Gerhard"]
[Black "Zenklusen, Rico"]
[Result "1/2-1/2"]
[WhiteElo "2258"]
[BlackElo "2206"]
[PlyCount "112"]
[EventDate "2000.02.??"]
[EventType "team-tourn"]
[EventRounds "9"]
[EventCountry "SUI"]
[SourceTitle "EXT 2001"]
[Source "ChessBase"]
[SourceDate "2000.11.22"]
[SourceVersion "1"]
[SourceVersionDate "2000.11.22"]
[SourceQuality "1"]

1. c4 Nf6 2. Nc3 e5 3. Nf3 Nc6 4. g3 d5 5. cxd5 Nxd5 6. Bg2 Nb6 7. 0-0 Be7 8. a3 0-0 9. b4 Re8 10. d3 Bf8 11. Be3 Nd4 12. Bxd4 exd4 13. Nb5 a5 14. Qc2 c6 15. Nbxd4 axb4 16. axb4 Rxa1 17. Rxa1 Bxb4 18. Rb1 c5 19. Nb3 Qd6 20. Ng5 Qe7 21. Ne4 Nd7 22. e3 b6 23. Nc3 Bxc3 24. Qxc3 Qd6 25. d4 Ba6 26. dxc5 Nxc5 27. Nd4 Bd3 28. Rb4 Be4 29. Bxe4 Nxe4 30. Qc6 Rb8 31. Ra4 Qxc6 32. Nxc6 Nc5 33. Ra7 Re8 34. Ne7+ Kf8 35. Nf5 Rd8 36. Kg2 g6 37. Nd4 Rd7 38. Ra8+ Ke7 39. f4 Kd6 40. Kf3 Kd5 41. g4 Ne6 42. Ne2 b5 43. Rb8 Kc4 44. f5 Nc5 45. Nd4 Rb7 46. Rc8 b4 47. Nc6 Rb5 48. Ne5+ Kd5 49. Nxf7 gxf5 50. gxf5 b3 51. Rd8+ Kc6 52. Ne5+ Kc7 53. Rd1 b2 54. Rb1 Na4 55. Nd3 Rb3 56. Nxb2 Rxb2 1/2-1/2

[Event "Seeburg op 1st"]
[Site "Luzern"]
[Date "1999.10.09"]
[Round "3"]
[White "Kraehenbuehl, Gerhard"]
[Black "Farago, Ivan"]
[Result "1/2-1/2"]
[WhiteElo "2258"]
[BlackElo "2512"]
[PlyCount "94"]
[EventDate "1999.10.08"]
[EventType "swiss"]
[EventRounds "7"]
[EventCountry "SUI"]
[SourceTitle "EXT 2000"]
[Source "ChessBase"]
[SourceDate "1999.11.16"]
[SourceVersion "1"]
[SourceVersionDate "1999.11.16"]
[SourceQuality "1"]

1. c4 Nf6 2. Nc3 e5 3. Nf3 Nc6 4. g3 Bb4 5. Nd5 Bc5 6. Bg2 0-0 7. 0-0 d6 8. d3 h6 9. e3 a6 10. a3 Ba7 11. Nc3 Be6 12. b4 e4 13. Nxe4 Nxe4 14. dxe4 Bxc4 15. Re1 Ne5 16. Nxe5 dxe5 17. Bb2 Qxd1 18. Rexd1 f6 19. Rac1 b5 20. Bf1 Bxf1 21. Kxf1 Bb6 22. Rd5 Rae8 23. Ke2 Re6 24. a4 c6 25. Rd7 Rf7 26. Rd3 Rc7 27. Rd8+ Kf7 28. Ra8 Ba7 29. axb5 axb5 30. Ra1 Ree7 31. f4 c5 32. bxc5 Bxc5 33. fxe5 fxe5 34. Rf1+ Kg6 35. Ra6+ Kh7 36. Rc1 b4 37. h4 Kg8 38. Ra8+ Kf7 39. Rd8 Bb6 40. Rd6 Rxc1 41. Bxc1 Re6 42. Rd5 Rc6 43. Bd2 Bc5 44. Rd7+ Kf6 45. Rb7 Rb6 46. Rxb6+ Bxb6 47. Bxb4 h5 1/2-1/2

[Event "SUI-chT"]
[Site "Switzerland"]
[Date "1998.11.07"]
[Round "8.5"]
[White "Kraehenbuehl, Gerhard"]
[Black "Milosevic, Goran"]
[Result "1/2-1/2"]
[WhiteElo "2295"]
[BlackElo "2365"]
[PlyCount "160"]
[EventDate "1998.03.29"]
[EventType "team-tourn"]
[EventRounds "9"]
[EventCountry "SUI"]
[SourceTitle "EXT 2006"]
[Source "ChessBase"]
[SourceDate "2005.11.24"]
[SourceVersion "1"]
[SourceVersionDate "2005.11.24"]
[SourceQuality "1"]

1. c4 Nf6 2. Nc3 c5 3. g3 e6 4. Bg2 Be7 5. Nf3 0-0 6. 0-0 a6 7. b3 Qc7 8. e3 b6 9. Bb2 Bb7 10. Qe2 d6 11. d3 Nbd7 12. e4 Ne5 13. Ne1 Nc6 14. Qd2 Nd4 15. f4 Nd7 16. g4 b5 17. Ne2 Nxe2+ 18. Qxe2 Rae8 19. g5 e5 20. Qh5 exf4 21. Rxf4 Ne5 22. Nf3 Ng6 23. Rf5 Bc8 24. Qg4 f6 25. Qg3 fxg5 26. Rxf8+ Rxf8 27. Nxg5 Nf4 28. Bf1 Bf6 29. Bxf6 Rxf6 30. Kh1 h6 31. Nf3 Qf7 32. Nd2 Nh5 33. Qe3 Rf2 34. Kg1 Rf4 35. Re1 Qg6+ 36. Kh1 Qg5 37. Bg2 Rg4 38. Qxg5 Rxg5 39. Nf3 Rg6 40. e5 dxe5 41. Nxe5 Rd6 42. Nc6 Bd7 43. Ne7+ Kf8 44. Nd5 Nf6 45. Nf4 Bf5 46. Re5 Bxd3 47. Nxd3 Rxd3 48. Bf1 Rd1 49. Kg2 Rd2+ 50. Kh3 Rxa2 51. cxb5 Rf2 52. Bg2 Rb2 53. Bf1 Rxb3+ 54. Kg2 Rb2+ 55. Kg1 axb5 56. Rxc5 Rb1 57. Rxb5 Rxb5 58. Bxb5 Ke7 59. Kf2 Kd6 60. Kf3 Ke5 61. Bc6 g5 62. Bb7 h5 63. Bc8 Nd5 64. Kg3 Ne3 65. Kf3 Nf5 66. h3 Nd6 67. Bd7 Kf6 68. Kg3 h4+ 69. Kg4 Ne4 70. Kf3 Nc5 71. Bc8 Nd3 72. Ke3 Ne5 73. Ke4 Nf7 74. Kf3 Kg6 75. Ke3 Nd6 76. Bd7 Kf6 77. Kd4 Nf5+ 78. Ke4 g4 79. hxg4 Nh6 80. Kf4 Nxg4 1/2-1/2

[Event "SUI-chT"]
[Site "Switzerland"]
[Date "1998.09.06"]
[Round "5.8"]
[White "Kraehenbuehl, Gerhard"]
[Black "Robert, Antonin"]
[Result "0-1"]
[WhiteElo "2295"]
[BlackElo "2230"]
[PlyCount "132"]
[EventDate "1998.03.29"]
[EventType "team-tourn"]
[EventRounds "9"]
[EventCountry "SUI"]
[SourceTitle "EXT 2006"]
[Source "ChessBase"]
[SourceDate "2005.11.24"]
[SourceVersion "1"]
[SourceVersionDate "2005.11.24"]
[SourceQuality "1"]

1. c4 g6 2. Nc3 Bg7 3. g3 e6 4. Bg2 Ne7 5. d4 d6 6. Nf3 Nd7 7. e4 0-0 8. 0-0 a6 9. Be3 h6 10. Rc1 b6 11. Rc2 Rb8 12. Qe2 Bb7 13. b4 Kh7 14. Rd1 Qe8 15. Ne1 f5 16. f4 Nf6 17. e5 Ne4 18. Nxe4 Bxe4 19. Bxe4 fxe4 20. Bc1 d5 21. cxd5 Nxd5 22. a3 Qa4 23. Ng2 c6 24. Nh4 e3 25. Qd3 Rf5 26. Re1 a5 27. bxa5 Qxa5 28. Ree2 c5 29. Nxf5 gxf5 30. Bxe3 Bf8 31. Bf2 Ra8 32. dxc5 Bxc5 33. Bxc5 bxc5 34. Qc4 Qxa3 35. Qxc5 Qf3 36. Re1 Rg8 37. Qf2 Qb3 38. Rb2 Qc4 39. Kh1 Qc6 40. Kg1 Rg7 41. Ra1 Qc4 42. Rc2 Qb4 43. Rf1 Nc3 44. Rfc1 Nd5 45. Kh1 Qe4+ 46. Qg2 Qa4 47. Ra2 Qb3 48. Rb2 Qa3 49. Rcb1 Nxf4 50. Qc6 Nd5 51. Rb3 Qa2 52. Rb7 Ne7 53. Qf3 Nd5 54. g4 Ne7 55. g5 Qc2 56. Rg1 Qc5 57. g6+ Rxg6 58. Rxg6 Kxg6 59. Rd7 Qc1+ 60. Kg2 Qc2+ 61. Kh3 Qc5 62. Qg3+ Kf7 63. Rd2 Nd5 64. Rd3 Qc1 65. Rf3 Qg5 66. Qf2 Qg4# 0-1

[Event "SUI-chT"]
[Site "Switzerland"]
[Date "1997.??.??"]
[Round "?"]
[White "Kraehenbuehl, Gerhard"]
[Black "Jenni, Florian"]
[Result "1/2-1/2"]
[WhiteElo "2270"]
[BlackElo "2245"]
[PlyCount "129"]
[EventDate "1997.??.??"]
[EventType "team-tourn"]
[EventRounds "9"]
[EventCountry "SUI"]
[SourceTitle "EXT 1999"]
[Source "ChessBase"]
[SourceDate "1998.11.16"]
[SourceVersion "1"]
[SourceVersionDate "1998.11.16"]
[SourceQuality "1"]

1. c4 Nf6 2. Nc3 g6 3. g3 Bg7 4. Bg2 d6 5. d4 0-0 6. Nf3 Nbd7 7. 0-0 e5 8. e4 c6 9. b3 Re8 10. h3 exd4 11. Nxd4 Nc5 12. Re1 Qe7 13. Bg5 h6 14. Bf4 Nfd7 15. Re2 a5 16. Rc1 Ne5 17. Be3 Ned3 18. Rb1 Nb4 19. Qd2 Kh7 20. Kh1 Bxh3 21. f3 Bd7 22. Rd1 Rad8 23. Bf2 Bc8 24. Be3 Qe5 25. Bf4 Qxd4 26. Qxd4 Bxd4 27. Rxd4 Ne6 28. Rxd6 Nxf4 29. Rxd8 Rxd8 30. gxf4 Rd3 31. Na4 Rd1+ 32. Kh2 Nd3 33. Kg3 Kg7 34. Nc3 Rc1 35. Na4 Rd1 36. Nc3 Rc1 37. Na4 h5 38. Rd2 h4+ 39. Kxh4 Nxf4 40. Kg3 Nxg2 41. Kxg2 b5 42. Nb2 a4 43. cxb5 axb3 44. axb3 cxb5 45. Nd3 Rc3 46. b4 Rb3 47. Kg3 Be6 48. Nc5 Rxb4 49. Nxe6+ fxe6 50. e5 Rc4 51. Rd7+ Kh6 52. Rd6 Rc8 53. Rb6 Kg5 54. Rxb5 Kf5 55. Rb4 g5 56. Rb7 Kxe5 57. Kg4 Kf6 58. Rb5 Rc1 59. Kg3 Rg1+ 60. Kf2 Rd1 61. Kg3 Rd5 62. Rb8 Ke5 63. Kg4 Rd1 64. Rb5+ Kf6 65. Kg3 1/2-1/2

[Event "Zuerich op-A 20th"]
[Site "Zuerich"]
[Date "1996.??.??"]
[Round "7"]
[White "Kraehenbuehl, Gerhard"]
[Black "Ivanisevic, Ivan"]
[Result "0-1"]
[WhiteElo "2265"]
[BlackElo "2300"]
[PlyCount "171"]
[EventDate "1996.12.26"]
[EventType "swiss"]
[EventRounds "7"]
[EventCountry "SUI"]
[SourceTitle "CBM 056 Extra"]
[Source "ChessBase"]
[SourceDate "1997.03.01"]
[SourceVersion "1"]
[SourceVersionDate "1997.03.01"]
[SourceQuality "1"]

1. c4 c6 2. e4 e5 3. Nc3 Nf6 4. Nf3 d6 5. Be2 g6 6. d4 Nbd7 7. 0-0 Bg7 8. Rb1 a5 9. Qc2 0-0 10. b3 exd4 11. Nxd4 Nc5 12. Be3 Qe7 13. f3 Re8 14. Bf2 Nh5 15. Qd2 Be5 16. g3 Bh3 17. Rfe1 Qf6 18. Rbd1 Nf4 19. Be3 Ng2 20. f4 Nxe1 21. Rxe1 Bxd4 22. Bxd4 Qd8 23. f5 g5 24. f6 h6 25. Bd1 Ne6 26. g4 h5 27. gxh5 c5 28. Be3 Qxf6 29. Nd5 Qe5 30. Qf2 Kg7 31. Bd2 Nd4 32. Nc7 a4 33. h6+ Kg6 34. h7 axb3 35. axb3 f6 36. Qe3 Bd7 37. h4 Kxh7 38. hxg5 fxg5 39. Kg2 Bc6 40. Qh3+ Kg7 41. Nxa8 Rxa8 42. Kg1 Ra2 43. Qe3 Bxe4 44. Qxg5+ Qxg5+ 45. Bxg5 Rg2+ 46. Kf1 Rxg5 47. Rxe4 Rf5+ 48. Kg2 Re5 49. Rg4+ Kf6 50. Kf2 Re7 51. b4 Rh7 52. bxc5 dxc5 53. Ke3 Ke5 54. Rg5+ Kd6 55. Rd5+ Kc6 56. Rh5 Rxh5 57. Bxh5 Kb6 58. Kd3 Ka5 59. Kc3 Ka4 60. Bg4 Nc6 61. Bc8 Na5 62. Bf5 Ka3 63. Bc2 b6 64. Bd1 Nc6 65. Bc2 Nd4 66. Bd1 Nf5 67. Bg4 Nd4 68. Bd1 Ka2 69. Ba4 Ne2+ 70. Kd2 Ka3 71. Bd1 Ng3 72. Bg4 Ne4+ 73. Ke3 Nd6 74. Be6 Kb3 75. Kd3 Nb7 76. Ke4 Na5 77. Kd3 Kb4 78. Bd5 Nb3 79. Bc6 Nd4 80. Bd5 Nf5 81. Ke4 Nd4 82. Kd3 Kb3 83. Bg8 Nc2 84. Bd5 Nb4+ 85. Kd2 b5 86. Be4 0-1

[Event "SUI-chT"]
[Site "Switzerland"]
[Date "1995.??.??"]
[Round "4"]
[White "Kraehenbuehl, Gerhard"]
[Black "Georges, Sascha"]
[Result "0-1"]
[WhiteElo "2270"]
[BlackElo "2340"]
[PlyCount "62"]
[EventDate "1995.??.??"]
[EventType "team-tourn"]
[EventRounds "9"]
[EventCountry "SUI"]
[SourceTitle "CBM 049 Extra"]
[Source "ChessBase"]
[SourceDate "1996.01.01"]
[SourceVersion "1"]
[SourceVersionDate "1996.01.01"]
[SourceQuality "1"]

1. c4 g6 2. g3 Bg7 3. Bg2 Nf6 4. Nc3 0-0 5. Nf3 c6 6. d4 d5 7. Ne5 dxc4 8. Nxc4 Be6 9. Ne5 Nbd7 10. Nd3 Nd5 11. Nf4 Nxf4 12. Bxf4 Qb6 13. 0-0 Qxd4 14. Qc2 Nb6 15. Rfd1 Qc5 16. Qd3 Nc4 17. Rab1 Ne5 18. Qd2 Nc4 19. Qd3 Qb6 20. Na4 Qa5 21. Qc2 Rad8 22. b4 Qb5 23. Rxd8 Rxd8 24. Nc5 Na3 25. Rd1 Bd4 26. Qe4 Bxf2+ 27. Kxf2 Rxd1 28. Bh6 Qc4 29. Qf3 Bg4 30. Qe3 Qxb4 31. Qxe7 Qe1+ 0-1

[Event "SUI-chT"]
[Site "Switzerland"]
[Date "1995.??.??"]
[Round "1"]
[White "Manievich, Victor"]
[Black "Kraehenbuehl, Gerhard"]
[Result "0-1"]
[WhiteElo "2255"]
[BlackElo "2270"]
[PlyCount "144"]
[EventDate "1995.??.??"]
[EventType "team-tourn"]
[EventRounds "9"]
[EventCountry "SUI"]
[SourceTitle "CBM 049 Extra"]
[Source "ChessBase"]
[SourceDate "1996.01.01"]
[SourceVersion "1"]
[SourceVersionDate "1996.01.01"]
[SourceQuality "1"]

1. d4 g6 2. Nf3 Bg7 3. g3 Nf6 4. Bg2 0-0 5. 0-0 d6 6. c4 c6 7. Nc3 Bf5 8. Nh4 Bd7 9. f4 e5 10. fxe5 dxe5 11. d5 cxd5 12. cxd5 Na6 13. e4 b5 14. Qe2 Nc7 15. a4 b4 16. Nd1 Nce8 17. Be3 Qa5 18. h3 Bc8 19. Qb5 Qxb5 20. axb5 Nd6 21. Nf2 Nxb5 22. Bc5 Rd8 23. Bxb4 Nd4 24. Bc5 Nb3 25. Rxa7 Ba6 26. Rxa6 Rxa6 27. Be3 Ne8 28. Nf3 Nd6 29. Nd2 Rb8 30. Rb1 Ra4 31. g4 f6 32. Bf3 Nxd2 33. Bxd2 Bf8 34. Kf1 Nc4 35. Bc3 Ra3 36. Rc1 Nxb2 37. Be2 Na4 38. Be1 Nc5 39. h4 Rab3 40. d6 Rb1 41. Rxc5 Bxd6 42. Rc6 Be7 43. Nd1 Rd8 44. Nc3 Ra1 45. Rc4 f5 46. g5 fxe4 47. Nxe4 Rf8+ 48. Nf2 Bd8 49. Re4 Bb6 50. Bc4+ Kg7 51. Re2 e4 52. Kg2 Rxe1 53. Rxe1 Rxf2+ 54. Kg3 e3 55. Re2 Bc7+ 56. Kh3 Rf3+ 57. Kg2 Rg3+ 58. Kf1 Rg4 59. Bd5 Bf4 60. Rg2 Rxh4 61. Bf3 Kf7 62. Ke2 Ke6 63. Kd3 Ke5 64. Ba8 Rh5 65. Ra2 Rxg5 66. Ra5+ Kf6 67. Ra7 h5 68. Bf3 Re5 69. Ra4 Bg3 70. Ke2 Bf2 71. Be4 Re6 72. Kf3 g5 0-1

[Event "SUI-chT"]
[Site "Switzerland"]
[Date "1994.??.??"]
[Round "9"]
[White "Kraehenbuehl, Gerhard"]
[Black "Brendel, Oliver"]
[Result "1/2-1/2"]
[WhiteElo "2260"]
[BlackElo "2385"]
[PlyCount "81"]
[EventDate "1994.??.??"]
[EventType "team-tourn"]
[EventRounds "9"]
[EventCountry "SUI"]
[SourceTitle "EXT 2000"]
[Source "ChessBase"]
[SourceDate "1999.11.16"]
[SourceVersion "1"]
[SourceVersionDate "1999.11.16"]
[SourceQuality "1"]

1. c4 g6 2. Nc3 Bg7 3. g3 c5 4. Bg2 Nc6 5. Nf3 Nf6 6. d4 cxd4 7. Nxd4 Nxd4 8. Qxd4 0-0 9. 0-0 d6 10. Bd2 Ng4 11. Qe4 Bf5 12. Qf3 Ne5 13. Qf4 Qd7 14. Rfd1 g5 15. Qxg5 Nxc4 16. Nd5 Kh8 17. Bc3 Bxc3 18. bxc3 Rae8 19. Rd4 Rg8 20. Qh5 Ne5 21. Ne3 Bg4 22. Nxg4 Nxg4 23. Rb1 b6 24. a4 f5 25. a5 Rc8 26. axb6 axb6 27. h3 Nf6 28. Qh6 Rxc3 29. Rxb6 Rgc8 30. Rd1 Qe6 31. Bf3 Qe5 32. Rb7 Rg8 33. Qd2 Rc4 34. Qd3 Ra4 35. Qb3 Rd4 36. Rxd4 Qxd4 37. Kg2 Ne4 38. Bxe4 Qxe4+ 39. Qf3 Rc8 40. Rb5 Rf8 41. Rb3 1/2-1/2

[Event "SUI-chT"]
[Site "Switzerland"]
[Date "1994.??.??"]
[Round "3"]
[White "Kraehenbuehl, Gerhard"]
[Black "Domont, Alexandre"]
[Result "1/2-1/2"]
[WhiteElo "2260"]
[BlackElo "2305"]
[PlyCount "85"]
[EventDate "1994.??.??"]
[EventType "team-tourn"]
[EventRounds "9"]
[EventCountry "SUI"]
[SourceTitle "EXT 2000"]
[Source "ChessBase"]
[SourceDate "1999.11.16"]
[SourceVersion "1"]
[SourceVersionDate "1999.11.16"]
[SourceQuality "1"]

1. c4 c6 2. e4 d5 3. exd5 cxd5 4. d4 Nf6 5. Nc3 Be6 6. c5 Nc6 7. Nf3 g6 8. Bb5 Bg7 9. 0-0 0-0 10. h3 Qc7 11. Re1 Ne4 12. Nxe4 dxe4 13. Rxe4 Bd5 14. Bxc6 bxc6 15. Bf4 Qb7 16. Re2 Rad8 17. Qe1 Bxf3 18. gxf3 Rxd4 19. Rxe7 Qc8 20. Bg3 Rd5 21. Kg2 Rxc5 22. Rxa7 Rh5 23. h4 Bxb2 24. Rb1 Re8 25. Re7 Rxe7 26. Qxe7 Rb5 27. Qe2 Qb7 28. a4 Rb3 29. Qe8+ Kg7 30. Rxb2 Rxb2 31. Be5+ f6 32. Bxb2 Qxb2 33. Qxc6 Qd4 34. Qc7+ Kh6 35. a5 Qa4 36. Qb6 Qxh4 37. a6 Qg5+ 38. Kf1 Qc1+ 39. Kg2 Qg5+ 40. Kf1 Qc1+ 41. Ke2 Qc2+ 42. Ke3 Qc3+ 43. Ke2 1/2-1/2

[Event "SUI-chT"]
[Site "Switzerland"]
[Date "1994.??.??"]
[Round "2"]
[White "Kraehenbuehl, Gerhard"]
[Black "Seybold, Bernhard"]
[Result "1-0"]
[WhiteElo "2260"]
[BlackElo "2095"]
[PlyCount "61"]
[EventDate "1994.??.??"]
[EventType "team-tourn"]
[EventRounds "9"]
[EventCountry "SUI"]
[SourceTitle "EXT 2000"]
[Source "ChessBase"]
[SourceDate "1999.11.16"]
[SourceVersion "1"]
[SourceVersionDate "1999.11.16"]
[SourceQuality "1"]

1. c4 e5 2. Nc3 Bb4 3. Nd5 Bc5 4. b4 Bd4 5. Rb1 c6 6. e3 cxd5 7. exd4 exd4 8. d3 Nf6 9. Nf3 0-0 10. Be2 dxc4 11. dxc4 d5 12. c5 b6 13. 0-0 Bf5 14. Rb3 bxc5 15. bxc5 Nc6 16. Bf4 Re8 17. Ba6 Qd7 18. h3 Ne4 19. Nxd4 Nxd4 20. Qxd4 Qc6 21. Bb7 Qxc5 22. Qb2 Rad8 23. Rc1 Qe7 24. Bc6 Rf8 25. Be5 Qg5 26. Bc7 Rc8 27. Bb7 Rce8 28. Bxd5 Bxh3 29. Bxe4 Rxe4 30. Rxh3 Re2 31. Qc3 1-0

[Event "SUI-chT"]
[Site "Switzerland"]
[Date "1994.??.??"]
[Round "1"]
[White "Nemet, Ivan"]
[Black "Kraehenbuehl, Gerhard"]
[Result "1/2-1/2"]
[WhiteElo "2450"]
[BlackElo "2260"]
[PlyCount "80"]
[EventDate "1994.??.??"]
[EventType "team-tourn"]
[EventRounds "9"]
[EventCountry "SUI"]
[SourceTitle "EXT 2000"]
[Source "ChessBase"]
[SourceDate "1999.11.16"]
[SourceVersion "1"]
[SourceVersionDate "1999.11.16"]
[SourceQuality "1"]

1. d4 Nf6 2. c4 g6 3. Nc3 Bg7 4. e4 0-0 5. Nf3 d6 6. Be2 Bg4 7. Be3 Nfd7 8. Ng1 Bxe2 9. Ngxe2 e6 10. Qd2 Nb6 11. b3 d5 12. cxd5 exd5 13. e5 Nc6 14. 0-0 Qd7 15. Bh6 Bxh6 16. Qxh6 f5 17. Rfd1 Nd8 18. Nf4 c6 19. Rd3 Rf7 20. Re1 Ne6 21. Nxe6 Qxe6 22. Ne2 Qe7 23. Nf4 Rg7 24. h4 Nd7 25. Rg3 Nf8 26. Ree3 Ne6 27. Nxe6 Qxe6 28. h5 Kf7 29. Rg5 Rag8 30. b4 a6 31. Rf3 Qe7 32. a3 Ke8 33. Rgg3 Qf8 34. hxg6 hxg6 35. Rh3 Rf7 36. e6 Rc7 37. Qf4 Kd8 38. Re3 Kc8 39. Qe5 Re7 40. Qd6 Qf6 1/2-1/2

[Event "SUI-chT"]
[Site "Switzerland"]
[Date "1994.??.??"]
[Round "7"]
[White "Sutter, Oliver"]
[Black "Kraehenbuehl, Gerhard"]
[Result "1-0"]
[WhiteElo "2260"]
[BlackElo "2260"]
[PlyCount "53"]
[EventDate "1994.??.??"]
[EventType "team-tourn"]
[EventRounds "9"]
[EventCountry "SUI"]
[SourceTitle "EXT 2000"]
[Source "ChessBase"]
[SourceDate "1999.11.16"]
[SourceVersion "1"]
[SourceVersionDate "1999.11.16"]
[SourceQuality "1"]

1. d4 Nf6 2. c4 g6 3. Nc3 Bg7 4. e4 0-0 5. f4 d6 6. Nf3 c5 7. d5 b5 8. cxb5 a6 9. a4 axb5 10. Bxb5 Ba6 11. Bd2 Nbd7 12. 0-0 Nb6 13. Qe2 Bxb5 14. Qxb5 Qc7 15. Qe2 Rfb8 16. a5 Nc8 17. e5 Ne8 18. Ng5 Rxb2 19. f5 Rxa5 20. fxg6 hxg6 21. Rxa5 Qxa5 22. Qg4 Nb6 23. Qh4 Nf6 24. exf6 exf6 25. Qh7+ Kf8 26. Ne6+ Ke7 27. Qxg7 1-0

[Event "SUI-chT"]
[Site "Switzerland"]
[Date "1993.??.??"]
[Round "?"]
[White "Kraehenbuehl, Gerhard"]
[Black "Hug, Marcel"]
[Result "1/2-1/2"]
[WhiteElo "2250"]
[BlackElo "2235"]
[PlyCount "109"]
[EventDate "1993.??.??"]
[EventType "team-tourn"]
[EventRounds "9"]
[EventCountry "SUI"]
[SourceTitle "TD"]
[Source "ChessBase"]
[SourceDate "1994.03.01"]
[SourceVersion "1"]
[SourceVersionDate "1994.03.01"]
[SourceQuality "1"]

1. c4 Nf6 2. Nc3 g6 3. g3 Bg7 4. Bg2 0-0 5. Nf3 c6 6. e4 d5 7. cxd5 cxd5 8. e5 Ne4 9. Ne2 Bg4 10. d3 Qa5+ 11. Kf1 Nc5 12. h3 Bd7 13. Be3 Nc6 14. Kg1 d4 15. Nfxd4 Nxe5 16. b4 Qxb4 17. Nc2 Qa5 18. Bxc5 Qxc5 19. d4 Qc7 20. dxe5 Ba4 21. Ned4 Rac8 22. Be4 Bxe5 23. Qe2 Bxc2 24. Nxc2 Bxa1 25. Nxa1 Qe5 26. Kg2 Rfd8 27. Re1 b6 28. Nb3 a5 29. Qf3 Rc3 30. Bxg6 Rxf3 31. Rxe5 Rxb3 32. Bxh7+ Kxh7 33. axb3 e6 34. Rb5 Rd6 35. Kf3 f6 36. Ke4 Kg6 37. f4 Kh6 38. g4 Kg6 39. h4 Kg7 40. g5 Kg6 41. gxf6 Kxf6 42. h5 Rc6 43. Kd4 Rd6+ 44. Ke3 Rc6 45. Ke4 a4 46. bxa4 Rc4+ 47. Kf3 Rxa4 48. Rxb6 Ra1 49. Rb5 Rh1 50. Rg5 Rf1+ 51. Ke3 Rh1 52. Kf2 Rh4 53. Kg3 Rh1 54. Rg6+ Kf5 55. Rg5+ 1/2-1/2

[Event "Lugano op"]
[Site "Lugano"]
[Date "1989.03.09"]
[Round "7"]
[White "Vezzosi, Paolo"]
[Black "Kraehenbuehl, Gerhard"]
[Result "1-0"]
[WhiteElo "2340"]
[BlackElo "2250"]
[PlyCount "111"]
[EventDate "1989.03.03"]
[EventType "swiss"]
[EventRounds "9"]
[EventCountry "SUI"]
[SourceTitle "TD"]
[Source "ChessBase"]
[SourceDate "1994.03.01"]
[SourceVersion "1"]
[SourceVersionDate "1994.03.01"]
[SourceQuality "1"]

1. d4 Nf6 2. Nf3 g6 3. Nc3 c5 4. d5 d6 5. e4 Bg7 6. Be2 0-0 7. 0-0 Na6 8. Re1 Nc7 9. a4 a6 10. Nd2 Bd7 11. a5 Nb5 12. Ncb1 e6 13. Bc4 exd5 14. exd5 Re8 15. Rxe8+ Qxe8 16. c3 Qe7 17. h3 Bh6 18. Nf3 Bxc1 19. Qxc1 Nc7 20. Qd2 Qe4 21. Na3 Qf5 22. Rd1 Re8 23. Nc2 Qh5 24. Qf4 Qf5 25. Qd2 Qh5 26. Nce1 Qf5 27. Bb3 Kg7 28. c4 Ne4 29. Qc1 Qf6 30. Bc2 h6 31. Rd3 Ng5 32. Rb3 Bc8 33. Qd1 Re7 34. Bd3 Ne8 35. Bf1 Kf8 36. Qd2 Kg7 37. Qd1 Kf8 38. Rb6 Ng7 39. b4 cxb4 40. c5 Ne4 41. cxd6 Nxd6 42. Qc1 Nge8 43. Qxh6+ Kg8 44. Nd3 Qa1 45. Rxb4 Nf5 46. Qg5 Rd7 47. g4 Ne7 48. Re4 Qf6 49. Qe3 Kf8 50. Ng5 Kg8 51. Ne5 Rc7 52. Nexf7 Nd6 53. Rf4 Nxd5 54. Rxf6 Nxe3 55. Rxg6+ Kf8 56. Ne6+ 1-0

[Event "Lugano op"]
[Site "Lugano"]
[Date "1989.03.08"]
[Round "6"]
[White "Kraehenbuehl, Gerhard"]
[Black "Lorscheid, Gerhard"]
[Result "0-1"]
[WhiteElo "2250"]
[BlackElo "2235"]
[PlyCount "103"]
[EventDate "1989.03.03"]
[EventType "swiss"]
[EventRounds "9"]
[EventCountry "SUI"]
[SourceTitle "TD"]
[Source "ChessBase"]
[SourceDate "1994.03.01"]
[SourceVersion "1"]
[SourceVersionDate "1994.03.01"]
[SourceQuality "1"]

1. c4 d6 2. Nc3 e5 3. g3 g6 4. Bg2 Bg7 5. d3 f5 6. e3 Nf6 7. Nge2 0-0 8. 0-0 Nc6 9. Bd2 Be6 10. Nd5 Rb8 11. Rc1 Ne7 12. Ba5 Ne8 13. f4 exf4 14. Nexf4 Bf7 15. Qe2 Nc6 16. Bc3 Ne5 17. d4 Nd7 18. e4 fxe4 19. Qxe4 c6 20. Ne7+ Kh8 21. d5 Nef6 22. Nexg6+ Bxg6 23. Nxg6+ hxg6 24. Qxg6 Ne5 25. Bxe5 dxe5 26. Rce1 Qb6+ 27. Kh1 Rbe8 28. d6 Rd8 29. Rxe5 Qxb2 30. Rg5 Ng8 31. Rh5+ Nh6 32. Rxh6+ Bxh6 33. Qxh6+ Kg8 34. Qe6+ Kh8 35. Qh6+ Kg8 36. Qe6+ Kh8 37. Re1 Rde8 38. Qh6+ Kg8 39. Be4 Qg7 40. Qd2 Rxe4 41. Rxe4 Qa1+ 42. Re1 Rf1+ 43. Kg2 Qxe1 44. Qg5+ Kf7 45. Qh5+ Ke6 46. Qg6+ Ke5 47. Kh3 Qb1 48. Qg5+ Qf5+ 49. Qxf5+ Kxf5 50. g4+ Kg6 51. Kg3 Rd1 52. c5 0-1

[Event "Lugano op"]
[Site "Lugano"]
[Date "1989.03.07"]
[Round "5"]
[White "Wagman, Stuart"]
[Black "Kraehenbuehl, Gerhard"]
[Result "0-1"]
[WhiteElo "2290"]
[BlackElo "2250"]
[PlyCount "100"]
[EventDate "1989.03.03"]
[EventType "swiss"]
[EventRounds "9"]
[EventCountry "SUI"]
[SourceTitle "TD"]
[Source "ChessBase"]
[SourceDate "1994.03.01"]
[SourceVersion "1"]
[SourceVersionDate "1994.03.01"]
[SourceQuality "1"]

1. e4 c5 2. Nf3 d6 3. d4 cxd4 4. Nxd4 Nf6 5. Nc3 g6 6. Bc4 Bg7 7. h3 0-0 8. Bb3 a6 9. 0-0 b5 10. Re1 Bb7 11. a4 Nc6 12. Nxc6 Bxc6 13. Nd5 Bxd5 14. exd5 b4 15. a5 Nd7 16. Re4 Rb8 17. Qe1 Rb5 18. Rxb4 Rxa5 19. Rxa5 Qxa5 20. c3 Nc5 21. Bc2 Bf6 22. Bh6 Rc8 23. Qd1 Qc7 24. h4 Rb8 25. Rg4 Nd7 26. Bc1 Ne5 27. Ra4 Nc4 28. Rxa6 Nxb2 29. Bxb2 Rxb2 30. Rc6 Qa7 31. h5 Rb8 32. Qg4 Qa1+ 33. Kh2 Qe1 34. h6 Rf8 35. Qf3 Qd2 36. Be4 Qxh6+ 37. Kg1 Ra8 38. Bd3 Ra1+ 39. Bf1 Qd2 40. g3 Kg7 41. Kg2 Qc1 42. Qd3 Ra2 43. Rc7 Qe1 44. Qf3 Rc2 45. Rc4 Qa1 46. Bd3 Rd2 47. Qe3 Rd1 48. Be4 Rh1 49. Qd3 Qg1+ 50. Kf3 Rh2 0-1